MLB 'S' All Stars in Pictures Quiz Stats

 Plays Quiz not verified by Sporcle

Support Sporcle.
Go Orange.
Score 0/20 Timer 05:00
0 Plays Today
Player % Correct
Ichiro Suzuki
98.5%
Sammy Sosa
94.7%
Ozzie Smith
93.8%
Giancarlo Stanton
93.4%
CC Sabathia
93%
Mike Schmidt
92.4%
Max Scherzer
91.3%
John Smoltz
91.2%
Chris Sale
89.5%
Ryne Sandberg
87.7%
Player % Correct
Stephen Strasburg
87.5%
Tom Seaver
86.9%
Johan Santana
85.8%
Curt Schilling
85.2%
George Springer
84.8%
Gary Sheffield
74.7%
Warren Spahn
69.8%
Bret Saberhagen
64.3%
Don Sutton
55.7%
Ted Simmons
51.5%

You're not logged in!

Compare scores with friends on all Sporcle quizzes.
OR
Log In

From the Vault

1980s in Pictures

by Hejman

The 1980s were a lot of things, but uneventful was not one of them.
Remove Ads.
Support Sporcle.
Get the best of Sporcle when you Go Orange. This ad-free experience offers more features, more stats, and more fun while also helping to support Sporcle. Thank you for becoming a member.

Show Comments

Extras

Top Quizzes Today


Score Distribution

Your Account Isn't Verified!

In order to create a playlist on Sporcle, you need to verify the email address you used during registration. Go to your Sporcle Settings to finish the process.

Report this User

Report this user for behavior that violates our Community Guidelines.

Details: